00735 2200253 4500001002100000005001700021008004100038035002500079040001200104082001500116084001700131100002300148245010200171250001100273260003600284300003500320504003100355650000900386700002000395850001200415990001800427990001800445990001800463INLIS00000000000883520151015133311.0  a0010-081500000000273 aYOPDYOG 223a297.22 a297.22 Sya U aSYAFII MASYKUR, M. aUntuk kita, para pendosab: harapan selalu adac/ M. Syafii Masykur ; penyunting, Ibnu Abi Nashir aCet. 1 aYogyakartabCitra Risalahc2015 avi, 231 hlm.b: ilus.c; 21 cm aBibliografi : hlm. 229-231 aDosa aIbnu Abi Nashir aYOPDYOG a14421-PD/B.15 a14422-PD/B.15 a14423-PD/B.15